Solicitors-online.com (Record no. 119695)

MARC details
000 -LEADER
fixed length control field 00775cam a2200181 4500
001 - CONTROL NUMBER
control field WS109075
008 - FIXED-LENGTH DATA ELEMENTS--GENERAL INFORMATION
fixed length control field 000000n 000 0 eng u
035 ## - SYSTEM CONTROL NUMBER
System control number (Sirsi) u109075
110 ## - MAIN ENTRY--CORPORATE NAME
Corporate name or jurisdiction name as entry element Law Society of England and Wales
9 (RLIN) 1639
245 ## - TITLE STATEMENT
Title Solicitors-online.com
520 ## - SUMMARY, ETC.
Summary, etc. Web site set up by the Law Society to provide a searchable list of their members and their companies. Searchable by name, specialism and geographically. Also gives links to details of how to get free legal help, hot to qualify as a solicitor and how to pay for legal help.
650 ## - SUBJECT ADDED ENTRY--TOPICAL TERM
Topical term or geographic name entry element SOLICITORS
650 ## - SUBJECT ADDED ENTRY--TOPICAL TERM
Topical term or geographic name entry element DIRECTORY
650 ## - SUBJECT ADDED ENTRY--TOPICAL TERM
Topical term or geographic name entry element LAW SOCIETY
690 ## - LOCAL SUBJECT ADDED ENTRY--TOPICAL TERM (OCLC, RLIN)
Topical term or geographic name as entry element LAW
856 40 - ELECTRONIC LOCATION AND ACCESS
Uniform Resource Identifier <a href="https://www.solicitors-online.com">https://www.solicitors-online.com</a>
Public note View the website free of charge at www.solicitors-online.com...
942 ## - ADDED ENTRY ELEMENTS (KOHA)
Suppress in OPAC 0
Holdings
Withdrawn status Lost status Source of classification or shelving scheme Damaged status Not for loan Home library Current library Shelving location Date acquired Total Checkouts Full call number Barcode Date last seen Copy number Price effective from Koha item type
    Dewey Decimal Classification     Virtual Virtual Online 02/11/2000   WEB SITE 109075-2001 06/08/2019 1 06/08/2019 Online material